ՀՀ Գիտությունների ազգային ակադեմիայի հիմնարար գիտական գրադարան  =   Fundamental Scientific Library of NAS RA

Մուրճն ու մեխը / : (Record no. 121294)

MARC details
000 -LEADER
fixed length control field 00786nam a2200205 a 4500
001 - CONTROL NUMBER
control field 000325177
003 - CONTROL NUMBER IDENTIFIER
control field AM-YeHGA
005 - DATE AND TIME OF LATEST TRANSACTION
control field 20250618072042.0
008 - FIXED-LENGTH DATA ELEMENTS--GENERAL INFORMATION
fixed length control field 040116s1971 ai a||||r|||||||||1|arm|d
040 ## - CATALOGING SOURCE
Original cataloging agency AM-YeHGA
041 0# - LANGUAGE CODE
Language code of text/sound track or separate title arm
090 ## - LOCALLY ASSIGNED LC-TYPE CALL NUMBER (OCLC); LOCAL CALL NUMBER (RLIN)
-- 122647
245 10 - TITLE STATEMENT
Title Մուրճն ու մեխը / :
Remainder of title [Չափածո հեքիաթ] /
Statement of responsibility, etc. Հոբոս-Ապեր ; Խմբ.՝ Հ. Ե. Կարապետյան ; Նկ.՝ Կ. Սմբատյան.
260 ## - PUBLICATION, DISTRIBUTION, ETC.
Place of publication, distribution, etc. Երևան :
Name of publisher, distributor, etc. Հայաստան,
Date of publication, distribution, etc. 1971.
300 ## - PHYSICAL DESCRIPTION
Extent [19] էջ :
Other physical details գունանկ. ;
Dimensions 17 սմ.
650 14 - SUBJECT ADDED ENTRY--TOPICAL TERM
Topical term or geographic name entry element Հայ մանկական գրականություն
General subdivision Հեքիաթ
700 1# - ADDED ENTRY--PERSONAL NAME
Personal name Կարապետյան Հ. Ե.
Relator term խմբ.
Relationship edt
700 1# - ADDED ENTRY--PERSONAL NAME
Personal name Սմբատյան, Կարեն Վահանի,
Dates associated with a name 1932-2008
Relator term նկ.
Relationship art
9 (RLIN) 3744
942 ## - ADDED ENTRY ELEMENTS (KOHA)
Source of classification or shelving scheme Universal Decimal Classification
Koha item type Գրքեր / Books
Holdings
Withdrawn status Lost status Damaged status Not for loan Collection Home library Current library Date acquired Total checkouts Full call number Barcode Date last seen Cost, replacement price Price effective from Koha item type Public note
        General Fundamental Scientific Library Fundamental Scientific Library 22/12/2016   AI/11299 FL0049548 22/12/2016 58.00 22/12/2016 Գրքեր / Books 30 Days Loan


ՀՀ ԳԱԱ հիմնարար գիտական գրադարան
ՀՀ,Երևան 0019
Մարշալ Բաղրամյան 24/6
հեռախոս:(374-10) 52-47-50
Հետադարձ կապ

All site content, except where otherwise noted, is licensed under a
Creative Commons License